Breve historia del arte : arquitectura, escultura, pintura /

Guardado en:
Autor Principal: Landeiro, J. A.
Formato: Libro
Publicado: Buenos Aires : Adrogue, 1981
Materias:
Etiquetas: Agregar Etiqueta
Sin Etiquetas, Sea el primero en etiquetar este registro!
LEADER 01050nam a22002295a 4500
001 CEM.cems013444
005 20101112104858.0
008 130507s1981##################000#0#####d
003 CEMS
082 0 4 |a 709 
100 1 |a Landeiro, J. A. 
245 1 0 |a Breve historia del arte :  |b arquitectura, escultura, pintura /  |c J. A. Landeiro 
260 |a Buenos Aires :  |b Adrogue,  |c 1981 
300 |a 142 p. 
500 |a 360 grabados 
505 0 |a Prehistoria -- Egipto -- Caldea y Asiria -- Fenicia -- Judea -- Persia -- India -- China y Japón -- América -- Grecia -- Etruria -- Roma -- Arte cristiano -- Arte bizantino -- Arte gótico -- Arte románico -- Arte arabe -- El Renacimiento (Italia) -- El Renacimiento (fuera de Italia) -- Escultura y pintura del Renacimiento (Italia) -- Escultura y pintura del Renacimiento (fuera de Italia) -- Escultura y pintura en España 
653 |a Historia del arte 
653 |a Arte 
653 |a Pintura 
653 |a Escultura 
653 |a Arquitectura 
859 |a CEMS  |b BIB. CEMS - 11 de abril  |h 709  |i L232  |p 26061.10  |t Ej.1